| 000 | 004150000a22001690004500 | ||
|---|---|---|---|
| 003 | MACL | ||
| 005 | 20160123124739.0 | ||
| 008 | 160123b xxu||||| |||| 00| 0 eng d | ||
| 040 |
_aMACL _cMACL |
||
| 041 | _aEnglish | ||
| 082 | _a540/RIS | ||
| 100 |
_aRishabh _934261 |
||
| 245 | _aI I T Screening Chemistry | ||
| 260 |
_bS Dinesh & Co _c2003 _aJalandhar |
||
| 650 |
_aChemistry _934263 |
||
| 942 |
_cBK _k540/ris _2ddc |
||
| 999 |
_c33206 _d33206 |
||